| 000 | 00601nab a2200193 a 4500 | ||
|---|---|---|---|
| 005 | 20210219155952.0 | ||
| 008 | 991125s1985 mx 000 0 spa u | ||
| 035 | _aUPN01000155674 | ||
| 100 | 1 | _aCowan, Peter M. | |
| 222 | _aREVISTA MEXICANA DE INVESTIGACION EDUCATIVA | ||
| 245 | _a¡Adelante! : conectándose al pasado, anhelando el futuro a través del discurso visual latino | ||
| 300 | _a951-986 | ||
| 362 | 0 | _a2007 Vol. 12, no. 34(3), jul.-sept. | |
| 653 | 0 | _aJOVENES | |
| 653 | 0 | _aALFABETISMO VISUAL | |
| 653 | 0 | _aIDENTIDAD CULTURAL | |
| 653 | 0 | _aDISCURSO VISUAL | |
| 905 | _aArticulo | ||
| 999 |
_c127788 _d127788 |
||